000 00877nam a2200253Ia 4500
003 OSt
005 20220926022556.0
006 a|||||r|||| 00| 0
007 ta
008 220923b |||||||| |||| 00| 0 eng d
037 _cGeneral Book
040 _aRTL
_cRTL
_beng
041 _2eng
_aeng
082 _aX4:75.2.N9, N9
110 _aUnited Nations, Economic and Social Commission for Asia and the Pacific
245 0 _aParticipatory approach to transport infrastructure
260 _aNew York
_bUnited Nations USA
_c1999
300 _a87p.
_ccm.
490 _aUn, Transport and Communications Bulletin for Asia and the Pacific, No. 69
650 _aTransport Economics -- United States
700 _aUnited Nations, Economic and Social Commission for Asia and the Pacific
942 _hX4:75.2.N9, N9
_cGB
_2CC
999 _c639810
_d639810